000
00333nam a22001457a 4500
003
MACL
005
20191201155450.0
008
191201b xxu||||| |||| 00| 0 eng d
040
_c
MACL
100
_a
Desai, Manuj
_9
77399
245
_a
Clinch the Deal
260
_a
Mumbai
_b
Indus
650
_a
Business
_9
4515
942
_2
ddc
_c
BK
999
_c
61481
_d
61481